000 00561nam a2200229Ia 4500
003 OSt
005 20220924134639.0
006 a|||||r|||| 00| 0
007 ta
008 220923b |||||||| |||| 00| 0 urd d
024 _a283716
037 _cTextual
040 _aARTS
_cARTS
_burd
041 _2urd
_aurd
082 _aO168,3:g, P2
100 _aJain Gyan Chand
245 0 _aUrdu ki nasri dastane
260 _c2011
650 _aURDU LITERATURE
942 _hO168,3:g, P2
_cTEXL
_2CC
999 _c438126
_d438126